College Football: SUGAR BOWL Winners - Statistics

General Stats
  • This quiz has been taken 2,549 times
    2,316 since last reset
  • The average score is 61 of 79
Answer Stats
Year Winning Team % Correct
1993 Alabama
98%
1980 Alabama
98%
1979 Alabama
98%
1978 Alabama
98%
1976 Alabama
98%
1967 Alabama
98%
1964 Alabama
98%
1962 Alabama
98%
2010 Florida
94%
1997 Florida
94%
1994 Florida
94%
1948 Texas
94%
2008 Georgia
92%
2003 Georgia
92%
1981 Georgia
92%
1947 Georgia
92%
1973 Oklahoma
91%
1972 Oklahoma
91%
1950 Oklahoma
91%
1949 Oklahoma
91%
2007 LSU
90%
2004 LSU
90%
2002 LSU
90%
1968 LSU
90%
1965 LSU
90%
1959 LSU
90%
2011 Ohio State
90%
1999 Ohio State
90%
2000 Florida State
89%
1998 Florida State
89%
1995 Florida State
89%
1989 Florida State
89%
2012 Michigan
89%
2005 Auburn
86%
1984 Auburn
86%
1991 Tennessee
83%
1986 Tennessee
83%
1971 Tennessee
83%
1943 Tennessee
83%
2001 Miami
81%
1990 Miami
81%
1970 Mississippi
81%
1963 Mississippi
81%
1961 Mississippi
81%
1960 Mississippi
81%
1958 Mississippi
81%
1956 Georgia Tech
80%
1954 Georgia Tech
80%
1953 Georgia Tech
80%
1944 Georgia Tech
80%
1940 Texas A&M
79%
1983 Penn State
78%
1992 Notre Dame
77%
1974 Notre Dame
77%
1969 Arkansas
74%
1987 Nebraska
74%
1985 Nebraska
74%
1975 Nebraska
74%
1946 Oklahoma State
70%
1951 Kentucky
69%
1939 TCU
66%
1936 TCU
66%
1996 Virginia Tech
66%
1966 Missouri
64%
1957 Baylor
60%
2009 Utah
60%
2006 West Virginia
59%
1982 Pittsburgh
57%
1977 Pittsburgh
57%
2013 Louisville
55%
1988 Syracuse
55%
1952 Maryland
49%
1955 Navy
49%
1945 Duke
48%
1941 Boston College
42%
1935 Tulane
38%
1938 Santa Clara
10%
1937 Santa Clara
10%
1942 Fordham
9%
No matching quizzes found
Score Distribution
Percent of People with Each Score
Percentile by Number Answered
Your Score History
You have not taken this quiz since the last reset